Responses for Show #3405 - Friday, May 28, 1999

Contestants

[<< previous game]

Ji Hee Seuk, a project coordinator from New York City, New York

Melissa Koester, a library media specialist from Wixom, Michigan

Alan Walters, a policeman from Georgetown, South Carolina (whose 1-day cash winnings total $12,001)

[next game >>]

Jeopardy! Round responses

U.S. GEOGRAPHY
PRESIDENTIAL LAST WORDS
(Alex: You have to identify the president, of course.)
WE LOVE LUCY
(Alex: We'll give you the dance, you give the country in...)
COUNTRY DANCING
THE COCKTAIL HOUR
HOLLYWOODSPEAK
    $100 2
Mississippi River

Alan
    $100 1
Franklin D. Roosevelt

Ji Hee
    $100 16
Fred & Ethel Mertz

Melissa
    $100 25
United States

Melissa
    $100 5
martini

Melissa
    $100 4
westerns

Melissa
    $200 3
Rocky Mountains

Ji Hee
    $200 18
(Ji Hee: Who is John Adams?)

George Washington

AlanJi Hee
    $200 17
(Melissa: What is McGillicuddy?)
(Ji Hee: What is Ireland?)

Scotland

AlanMelissaJi Hee
    $200 26
France

Alan
    $200 6
Collins

Alan
    $200 10
agent

Alan
    $300 14
(Melissa: What is Nebraska?)

Oklahoma

Melissa
Triple Stumper
    $300 19
(Alex: He had throat cancer.)

Ulysses S. Grant

Triple Stumper
    $300 23
1953

Alan
    $300 27
Spain

Ji Hee
    $300 7
Pina coladas

Triple Stumper
    $300 11
soap opera

Ji Hee
    $400 15
Platte River

Melissa
    $400 20
Dwight D. Eisenhower

Alan
    $400 24
(Alex: Minute to go.)

John Wayne

Melissa
    $400 28
Cuba

Melissa
    $400 8
(Alan: What is a Molotov cocktail?)

Harvey Wallbanger

Alan
Triple Stumper
    $500 12
CBS

Ji Hee
    $500 22
Olympia

Triple Stumper
    $500 21
Rutherford B. Hayes

Triple Stumper
    $500 29
Babalu or Tropicana

Ji Hee
    $500 30
(Ji Hee: What is Russia?)

Hungary

Ji Hee
Triple Stumper
    $500 9
Kamikaze

Ji Hee
    $500 13
records

Ji Hee

Scores at the first commercial break (after clue 14):

Alan Melissa Ji Hee
$100 -$100 $2,100

Scores at the end of the Jeopardy! Round:

Alan Melissa Ji Hee
$1,400 $1,100 $2,000

Double Jeopardy! Round responses

ECOLOGY
STATE FLOWERS
BIBLICAL MADNESS
OSCAR WINNING ROLES
FROM RUSSIA
WITH "LOVE"
    $200 11
(Ji Hee: What are wolves?)
(Alan: What are buffalo?)

gray whales

AlanJi Hee
Triple Stumper
    $200 21
Mayflower

Melissa
    $200 14
Babylon

Ji Hee
    $200 6
Robert De Niro

Alan
    $200 26
(Melissa: Who is Goldwyn?)

Louis B. Mayer

MelissaJi Hee
    $200 1
gloves

Melissa
    $400 12
gorillas

Ji Hee
    $400 22
Colorado

Alan
    $400 15
Solomon

Ji Hee
    $400 7
(Melissa: Who is Charlton Heston?)
(Alan: Who is Henry Fonda?)

Burt Lancaster

AlanMelissa
Triple Stumper
    $400 27
(Alex: He was often called General Sarnoff.)

David Sarnoff

Melissa
    $400 2
Jim Lovell

Alan
    $600 13
coral reefs

Triple Stumper
    $600 23
peach

Melissa
    $600 16
donkey/ass

Ji Hee
    $600 8
Al Pacino

Alan
    $600 28
George Balanchine

Melissa
    $600 3
Lover's Leap

Melissa
    $800 19
ferret

Melissa
    $800 24
(Alan: What is the cactus?)
...
(Alex: Minute to go.)

sagebrush

AlanMelissa
    $1,000 17
John the Baptist

Ji Hee
    $800 9
Marlon Brando

Triple Stumper
    $800 29
Igor Sikorsky

Alan
    $800 4
Beloved Country

Ji Hee
    $1000 20
(Alan: What is a macadamia tree?)
(Alex: The [*]s used to crack the shells and release the seeds.)

dodo

Alan
Triple Stumper
    $1000 25
lilac

Alan
    $1000 18
King David

Triple Stumper
    $1,000 10
(Alan: Can't think of it.)

Hattie McDaniel

Alan
    $1000 30
Ariel Durant

Melissa
    $1000 5
plover

Melissa

Scores at the end of the Double Jeopardy! Round:

Alan Melissa Ji Hee
$1,400 $6,700 $5,400

[wagering suggestions for these scores]

Final Jeopardy! Round responses

'90s TRENDS
(Alex: There have been a lot of them.)
AlanWhat is a nose ring?
$1,300
Ji HeeWhat is (Hindu) Ch
$5,400
MelissaWhat are tattoos
$1,301
tattoos

Final scores:

Alan Melissa Ji Hee
$100 $8,001 $0
2nd place: Trip to Lake Arrowhead Resort, California New champion: $8,001 3rd place: Tasco Sport Optics

Game dynamics:

Coryat scores:

Alan Melissa Ji Hee
$2,400 $6,700 $5,100
14 R,
6 W
(including 1 DD)
17 R,
4 W
15 R
(including 2 DDs),
4 W

Combined Coryat: $14,200

[game clues] [game scores] [suggest correction]

Game tape date: Unknown
The J! Archive is created by fans, for fans. Scraping, republication, monetization, and malicious use prohibited; this site may use cookies and collect identifying information. See terms. The Jeopardy! game show and all elements thereof, including but not limited to copyright and trademark thereto, are the property of Jeopardy Productions, Inc. and are protected under law. This website is not affiliated with, sponsored by, or operated by Jeopardy Productions, Inc. Join the discussion at JBoard.tv.